000 00628nam a22002417a 4500
003 UA-OsUOA
001 126656
007 ta
008 20171102b un ||||| |||| 00| 0 ukr d
100 _aДегтярьов М.
090 _a726.7(477-25)
_bД26
942 _cBK
040 _aUA-OsUOA
_bukr
_cUA-OsUOA
_dUA-OsUOA
245 _aМихайлівський Золотоверхий монастир
300 _a160 с.
955 _a1
041 _aukr
080 _a726.7(477-25)
020 _a966-575-021-6
260 _aК.
_bТехніка
_c1997
650 7 _a72 Архітектура
_2UDC
999 _c413871
_d413871